| 000 | 01175nam a2200217Ia 4500 | ||
|---|---|---|---|
| 003 | Ost | ||
| 005 | 20260507075659.0 | ||
| 008 | 260507s9999||||xx |||||||||||||| ||und|| | ||
| 020 | _a6783059960 | ||
| 040 | _cfsecg | ||
| 041 | _aara | ||
| 100 |
_aبراون، بن _eمؤلف |
||
| 245 | 0 |
_aالمحاسبة العملية في الاعمال الزراعية و الريفية / _c بن براون |
|
| 260 |
_aالرياض: _bجامعة الملك السعود, _c2001 |
||
| 300 |
_a310 صفحة؛ _bجداول _c24 سم |
||
| 520 | _aيتناول هذا الكتاب الاجراءات المحاسبية الصورة الكاملة - الميزانية العمومية - حساب الارباح والخسائر - امساك السجلات - التحليل النقدي وحسابات نهاية العام - تعمييق الاجراءات المحاسبية - الخطوات المتكاملة للعمل - التخطيط للمستقبل -دور الحاسوب في انجاز العمل المحاسبي - المحاسبة من ضرائب الدخل | ||
| 653 | _aزراعة | ||
| 653 | _aمحاسبة | ||
| 653 | _aمسك الدفاتر | ||
| 942 | _cكتاب | ||
| 999 |
_c45773 _d45773 |
||